Cervantes, humanizado / (Record no. 177466)

MARC details
000 -LEADER
campo de control de longitud fija 00837nam a22002175i 4500
001 - NÚMERO DE CONTROL
campo de control 177466
003 - IDENTIFICADOR DE NÚMERO DE CONTROL
campo de control ES-MaACL
005 - FECHA Y HORA DE LA ÚLTIMA TRANSACCIÓN
campo de control 20250625063205.0
008 - DATOS DE LONGITUD FIJA--INFORMACIÓN GENERAL
campo de control de longitud fija 110325s1966 sp |||| | spa d
080 ## - NÚMERO DE LA CLASIFICACIÓN DECIMAL UNIVERSAL
Número de la Clasificación Decimal Universal 821.134.2 Cervantes Saavedra, Miguel de.09
100 1# - ENTRADA PRINCIPAL--NOMBRE DE PERSONA
Nombre de persona Garciasol, Ramón de,
Fechas asociadas al nombre 1913-1994
9 (RLIN) 236221
245 10 - MENCIÓN DEL TÍTULO
Título Cervantes, humanizado /
Mención de responsabilidad, etc. por Ramón de Garciasol y Arturo del Hoyo.
260 ## - PUBLICACIÓN, DISTRIBUCIÓN, ETC.
Lugar de publicación, distribución, etc. Madrid :
Nombre del editor, distribuidor, etc. Ciencia Nueva,
Fecha de publicación, distribución, etc. D. L. 1966.
300 ## - DESCRIPCIÓN FÍSICA
Extensión 37 p. ;
Dimensiones 17 cm.
490 1# - MENCIÓN DE SERIE
Mención de serie Cuadernos del Club de Amigos de la Unesco de Madrid
600 14 - PUNTO DE ACCESO ADICIONAL DE MATERIA--NOMBRE DE PERSONA
Nombre de persona Cervantes Saavedra, Miguel de,
Fechas asociadas al nombre 1547-1616-
Subdivisión general Crítica e interpretación
9 (RLIN) 37602
700 1# - ENTRADA AGREGADA--NOMBRE PERSONAL
Nombre de persona Hoyo, Arturo del,
Fechas asociadas al nombre 1917-2004
9 (RLIN) 64424
830 0# - PUNTO DE ACCESO ADICIONAL DE SERIE-TÍTULO UNIFORME
Título uniforme Cuadernos del Club de Amigos de la Unesco de Madrid
9 (RLIN) 224188
852 ## - LOCALIZACIÓN
Ubicación ES-MaACL
Número de control de estantería 2294-F-1
Holdings
Estatus retirado Estado de pérdida Estado de daño No para préstamo Colección Biblioteca de origen Biblioteca actual Ubicación en estantería Fecha de adquisición Fuente de adquisición Total de préstamos Signatura topográfica completa Código de barras Visto por última vez Precio de reemplazo Tipo de ítem Koha
        Colección de folletos Biblioteca del Ateneo de Madrid Biblioteca del Ateneo de Madrid Depósito folletos 25/03/2011     2294-F-1 1186392 23/02/2023 23/02/2023 Folleto